Rebuilding Libya (Record no. 83486)

MARC details
000 -LEADER
fixed length control field 00607cab a22001935a 4500
001 - CONTROL NUMBER
control field L154082
008 - FIXED-LENGTH DATA ELEMENTS--GENERAL INFORMATION
fixed length control field 111012e20111008xxk 000 0 eng d
035 ## - SYSTEM CONTROL NUMBER
System control number (Sirsi) u154082
041 0# - LANGUAGE CODE
Language code of text/sound track or separate title eng
100 1# - MAIN ENTRY--PERSONAL NAME
Personal name Barnard, Lucy
245 00 - TITLE STATEMENT
Title Rebuilding Libya
260 ## - PUBLICATION, DISTRIBUTION, ETC.
Date of publication, distribution, etc. 2011
490 ## - SERIES STATEMENT
Series statement Estates Gazette
Volume/sequential designation (1140) 8 October 2011, 70-73(3)
520 ## - SUMMARY, ETC.
Summary, etc. The National Transitional Council in Libya is looking to attract British firms in the reconstruction of Libya particularly the country's destroyed infrastructure.
590 ## - LOCAL NOTE (RLIN)
Local note KA
651 #4 - SUBJECT ADDED ENTRY--GEOGRAPHIC NAME
Geographic name Libya
690 ## - LOCAL SUBJECT ADDED ENTRY--TOPICAL TERM (OCLC, RLIN)
Topical term or geographic name as entry element PROPERTY-INFRASTRUCTURE
942 ## - ADDED ENTRY ELEMENTS (KOHA)
Suppress in OPAC 0
Holdings
Withdrawn status Lost status Source of classification or shelving scheme Damaged status Not for loan Home library Current library Shelving location Date acquired Total Checkouts Full call number Barcode Date last seen Copy number Price effective from Koha item type
    Dewey Decimal Classification     London London Journal article 12/10/2011   L154082 154082-1001 06/08/2019 1 06/08/2019 Archive